| 000 | 01945cam a2200433 a 4500 | ||
|---|---|---|---|
| 001 | 14689880 | ||
| 005 | 20081015084819.0 | ||
| 008 | 070109s2005 enkf er 001 0aeng | ||
| 010 | _a 2007360597 | ||
| 015 |
_aGBA554251 _2bnb |
||
| 016 | 7 |
_a013239822 _2Uk |
|
| 020 | _a0297851144 | ||
| 020 | _a9780297851141 | ||
| 024 | 3 | _a97802978851141 (hbk.) | |
| 035 | _a(OCoLC)ocm60836883 | ||
| 035 | _a(OCoLC)60836883 | ||
| 040 |
_aUKM _cUKM _dBWKUK _dBAKER _dNLGGC _dYDXCP _dDLC |
||
| 042 |
_aukscp _alccopycat |
||
| 043 |
_ae-uk-en _an-us--- |
||
| 050 | 0 | 0 |
_aDA591.M494 _bA3 2005 |
| 082 | 0 | 0 |
_a327.410730092 _aMEY _222 |
| 100 | 1 |
_aMeyer, Christopher, _cSir. _923759 |
|
| 245 | 1 | 0 |
_aDC Confidential : _bThe Controversial Memoirs of Britain's Ambassador to the U.S. at the time of 9/11 and the Iraq War / _cChristopher Meyer. |
| 260 |
_aLondon : _bWeidenfeld & Nicolson, 2005 _c2005. |
||
| 300 |
_axiv, 301 p., [24] p. col. plates ; _c24 cm. |
||
| 541 | _aMr. Bill Simpson ; | ||
| 600 | 1 | 0 |
_aMeyer, Christopher, _cSir. _923760 |
| 650 | 0 |
_aAmbassadors _zGreat Britain _vBiography. _923761 |
|
| 650 | 0 |
_aDiplomatic and consular service, British _zUnited States. _923762 |
|
| 650 | 0 |
_aSeptember 11 Terrorist Attacks, 2001. _923763 |
|
| 650 | 0 |
_aIraq War, 2003- _923764 |
|
| 653 |
_bPol _cMay2011 |
||
| 856 | 4 | 1 |
_3Table of contents only _uhttp://www.loc.gov/catdir/toc/fy0707/2007360597.html |
| 856 | 4 | 2 |
_3Contributor biographical information _uhttp://www.loc.gov/catdir/enhancements/fy0653/2007360597-b.html |
| 856 | 4 | 2 |
_3Publisher description _uhttp://www.loc.gov/catdir/enhancements/fy0653/2007360597-d.html |
| 942 |
_2ddc _cBB |
||
| 999 |
_c15269 _d15269 |
||